| 000 | 01436cam a22003857a 4500 | ||
|---|---|---|---|
| 003 | CHAP | ||
| 005 | 20220817043823.0 | ||
| 008 | 010920d2001 mx r 00110 spa d | ||
| 010 | _a85300 | ||
| 011 | _a86272 | ||
| 035 | _a96810 | ||
| 040 | _cCHAP | ||
| 090 | _aTesis | ||
| 100 | 0 | 0 | _aMartínez Martínez, Juan Manuel. |
| 245 | 1 | 0 |
_aProductividad del agua en nopal para verdura (Opuntia spp) bajo riego por goteo subterráneo en la Comarca Lagunera _c/por Juan Martínez Martínez |
| 260 |
_aBermejillo, Dgo. : _bEl autor, _c2001. |
||
| 300 |
_a60 h. ; _bgráfs. |
||
| 502 | _aTesis (Ing. Agr. Esp. en Sistemas Agrícolas de Zonas Aridas) -- UACH. Unidad Regional Universitaria de Zonas Aridas | ||
| 590 |
_aALEPH _b10 _c20130110 _lUCH01 _h1446 |
||
| 590 |
_aBATCH-UPD _b10 _c20130110 _lUCH01 _h0018 |
||
| 590 |
_aBATCH-UPD _b10 _c20130110 _lUCH01 _h1438 |
||
| 590 |
_aBATCH-UPD _b10 _c20130409 _lUCH01 _h1957 |
||
| 590 |
_aBATCH-UPD _b10 _c20130410 _lUCH01 _h0911 |
||
| 590 |
_aBATCH-UPD _b10 _c20130914 _lUCH01 _h1801 |
||
| 590 |
_aCONVERSION _b10 _c20130109 _lUCH01 _h1347 |
||
| 650 | 1 | 4 |
_aNopal _xIrrigación. _981680 |
| 650 | 1 | 4 |
_aNopal _xProducción. _981692 |
| 650 | 1 | 4 |
_aNopal _xVariedades. _981703 |
| 650 | 1 | 4 |
_aOpuntia. _983387 |
| 901 | _aBK | ||
| 905 | _aAlejandra Carrasco M. | ||
| 942 | _cFOLL | ||
| 949 |
_aTesis _bBC _cTES _d33724000863148 _eTS2 _fc.2 _h39167 _i96810 _si |
||
| 949 |
_aTesis _bBC _cTES _d968101 _eTS1 _h39166 _i96810 _sb |
||
| 999 |
_c85300 _d85300 |
||